| 000 | 00913nmm a2200265 a 4500 | ||
|---|---|---|---|
| 001 | ocm0001411656 | ||
| 003 | TR-IsHL | ||
| 005 | 20201028164351.0 | ||
| 008 | 160220s2016 tu tur | ||
| 007 | cr cn | ||
| 020 | _a9786051830018 | ||
| 035 |
_a1411656 _b(N$T) |
||
| 050 | 0 | 4 |
_aBP75.27 _b.S838 2016 |
| 090 | 0 | 4 |
_aBP75.27 _b.S838 2016 |
| 100 | 1 | _aSuavi, Cüneyd | |
| 245 | 1 | 0 |
_aGençlerin gözünden Allah resulü _h[electronic resource] / _cCüneyd Suavi |
| 260 |
_aİstanbul : _bNesil Yayınları, _c2016 |
||
| 300 | _a280 p. | ||
| 650 | 4 | _aFelsefe, Psikoloji ve Din | |
| 650 | 4 | _aPhilosophy, Psychology and Religion | |
| 650 | 0 |
_aMuhammed, Peygamber, d 632 _x Biyografi |
|
| 650 | 0 |
_aMuhammad, Prophet, d 632 _x Biography |
|
| 650 | 7 |
_aBIOGRAPHY & AUTOBIOGRAPHY / Religious _2bisacsh |
|
| 856 | 4 | 0 | _uhttp://search.ebscohost.com/login.aspx?direct=true&scope=site&db=e011xww&AN=1411656 |
| 999 |
_c15593 _d15593 |
||